Catalog

Record Details

Catalog Search



A biblical theology of missions  Cover Image Book Book

A biblical theology of missions / by George W. Peters

Peters, George W. (Author).

Record details

  • ISBN: 0-8024-0706-4
  • Physical Description: 368 p.
  • Publisher: Chicago Moody Press c1972

Available copies

  • 1 of 1 copy available at Common Catalog SPOK.

Holds

  • 0 current holds with 1 total copy.
Show Only Available Copies
Location Call Number / Copy Notes Barcode Shelving Location Status Due Date
ETS Library 266 424470000334 Volný výběr Available -

LDR 00627nam a2 00241
00138812
003CZ-PrJAB
00520030307000000.0
008021219s1800 xxu e |||| |eng
009us
020 . ‡a0-8024-0706-4
035 . ‡a(CONS)860
035 . ‡aKPS11170
040 . ‡aABG450
041 . ‡aeng
08214. ‡a266
100 . ‡7973 ‡aPeters, George W.
245 . ‡aA biblical theology of missions / ‡cby George W. Peters
260 . ‡aChicago ‡bMoody Press ‡cc1972
300 . ‡a368 p.
653 . ‡aA biblical theology of missions
8524 . ‡bETS ‡bETS ‡cVolný výběr ‡j266 ‡gA ‡p424470000334
910 . ‡aABG450
999 . ‡a860 ‡bAUTOGEN ‡c860 ‡tbiblio
905 . ‡uadmin
901 . ‡a38812 ‡b ‡c38812 ‡tbiblio ‡sets

Additional Resources